01713nkc a2200301za 450000100060000000300040000600500170001000700070002700800410003404000240007524500680009926000350016730000960020250001760029850002350047450000880070954400760079760000410087361000580091465100250097265500420099771000350103985200120107485601500108694200250123695201330126199900170139484541OSt20260423155528.0kh boc250410s1909 sp ||||| ||||||0| i|spa d cM-RABAaM-RABAbspa03aLa Batalla del Saladoh[Material gráfico]c/ Felipe de Castro b[Hauser y Menet]c, [ca. 1909] a1 fotografíab: gelatina de plata c; imagen 20 x 12 cm e; soporte secundario 30 x 24 cm aFotografía del relieve "Batalla del Salado" de Felipe de Castro. Se conserva en el Museo de la Real Academia de Bellas Artes de San Fernando con nº de inventario E-308. aMontada sobre un soporte secundario de cartón, con texto manuscrito a lápiz en la parte inferior al recto: "La batalla del Salado por Felipe de Castro, 1757". Nota manuscrita al verso a lápiz rojo: "Felipe de Castro / 1766". aFecha probable de la realización de la fotografía realizada por Hauser y Menet. aArchivo de la Real Academia de Bellas Artes de San Fernando (Le-4-29-1)17aCastro, Felipe de (d1711-1775)937924aReal Academia de Bellas Artes de San Fernando.975832 7aMadrid2embne975182 7aFotografías de obras de arte9756752 aHauser y Menet (Madrid)950978 jFot-598 3Fot-598uhttps://archivoybiblioteca.realacademiabellasartessanfernando.com/cgi-bin/koha/opac-retrieve-file.pl?id=9edd6d40076b465616c408021bdd7101 2ddccFOTOGRAFÍAn0 00102ddc40708FOTOGRAFIAaRABASFbRABASFcDP2d2025-04-24l0oFot-598p1095421r2025-04-24 12:04:41w2025-04-24yFOTOGRAFÍA c84541d84541